Ο Ρουσσώ απαντά στον Βολταίρο : ο λόγος περί επιστημών και τεχνών

Αποθηκεύτηκε σε:
Λεπτομέρειες βιβλιογραφικής εγγραφής
Κύριος συγγραφέας: Starobinski, Jean
Άλλοι συγγραφείς: Πολυκανδριώτη, Ράνια (trlf)
Μορφή: Βιβλίο
Γλώσσα:Greek
French
Δημοσίευση: Αθήνα : Κέντρο Νεοελληνικών Ερευνών Εθνικού Ιδρύματος Ερευνών, 2002
Σειρά:Ετήσια διάλεξη Κ. Θ. Δημαρά ; 2001
Θέματα:
Ετικέτες: Προσθήκη ετικέτας
Δεν υπάρχουν, Καταχωρήστε ετικέτα πρώτοι!

MARC

LEADER 00000cam a2200000 i 4500
001 1/57571
008 071009s2002 gre d
020 |a 960-7916-25-5 
035 |l 10091339 
040 |a GR-MY-UA  |b gre  |e aacr 
041 0 |a gre  |a fre 
082 0 |a 848.509  |2 (22) 
100 1 |a Starobinski, Jean. 
245 1 2 |a Ο Ρουσσώ απαντά στον Βολταίρο :  |b ο λόγος περί επιστημών και τεχνών /  |c Jean Starobinski ; μετάφραση Ράνια Πολυκανδριώτη 
260 |a Αθήνα :   |b Κέντρο Νεοελληνικών Ερευνών Εθνικού Ιδρύματος Ερευνών,   |c 2002 
300 |a 304 σ.;  |c 19 εκ. 
490 1 |a (Ετήσια διάλεξη Κ. Θ. Δημαρά) 
600 1 0 |a Rousseau, Jean-Jacques,   |d 1712-1778  |x Criticism and interpretation. 
600 1 0 |a Voltaire,   |d 1694-1778  |x Influence. 
700 1 |a Πολυκανδριώτη, Ράνια,  |e trlf 
830 0 |a Ετήσια διάλεξη Κ. Θ. Δημαρά ;  |v 2001 
852 |a INST  |b RHODES  |e 20071009  |h 848.509 STA  |p 005400025834  |q 005400025834  |t BK  |y 0 
901 |a BIBL4-2007-3 
922 |a 4ΕΛΗ  |b 200708  |c ΕΠΕΑΕΚ2/ΠΤΔΕ  |d Σ. ΠΑΤΑΚΗΣ 
970 |a ΧΑΡΙΟΠΟΛΙΤΟΥ  |b ΚΩΝΣΤΑΝΤΙΝΑ  |z 2007/10/09